| 000 | 00000nas 2200000za 4500 |
| 001 | 9.862434 |
| 003 | CaOODSP |
| 005 | 20241203113644 |
| 007 | cr ||||||||||| |
| 008 | 180926c19889999oncuu m o f0###|0eng|d |
| 040 | |aCaOODSP|beng |
| 041 | |aeng|bfre |
| 043 | |an-cn--- |
| 086 | 1 |aEn36-508E-PDF |
| 130 | 0 |aReport series (Canada. Inland Waters Directorate : 1988) |
| 245 | 00|aReport series - Inland Waters Directorate : 1988 |h[electronic resource]. |
| 260 | |aBurlington, Ont. : |bInland Waters Directorate, |c1988- |
| 362 | 0 |aNo. 76- |
| 500 | |aIssued also in French under title: Série des rapports généraux - Direction générale des eaux intérieures. |
| 546 | |aAbstracts in French. |
| 692 | 07|2gccst|aHydrology |
| 710 | 1 |aCanada. |bEnvironment Canada. |
| 710 | 1 |aCanada. |bInland Waters Directorate. |
| 775 | 08|tSérie des rapports généraux - Direction générale des eaux intérieures : 1988 |w(CaOODSP)9.862436 |
| 780 | 00|tReport series - Inland Waters and Lands Directorate |w(CaOODSP)9.862431 |